<?xml version="1.0" encoding="UTF-8"?>
<record
    xmlns:xsi="http://www.w3.org/2001/XMLSchema-instance"
    xsi:schemaLocation="http://www.loc.gov/MARC21/slim http://www.loc.gov/standards/marcxml/schema/MARC21slim.xsd"
    xmlns="http://www.loc.gov/MARC21/slim">

  <leader>02016cpcaa2200361 a 4500</leader>
  <controlfield tag="001">mm2009085494</controlfield>
  <controlfield tag="003">DLC</controlfield>
  <controlfield tag="005">20260227111731.0</controlfield>
  <controlfield tag="008">090911|||| ||| |||                 eng  </controlfield>
  <datafield tag="010" ind1=" " ind2=" ">
    <subfield code="a">mm2009085494</subfield>
  </datafield>
  <datafield tag="040" ind1=" " ind2=" ">
    <subfield code="a">DLC</subfield>
    <subfield code="c">DLC</subfield>
    <subfield code="e">dacs</subfield>
    <subfield code="d">DLC</subfield>
  </datafield>
  <datafield tag="072" ind1=" " ind2="7">
    <subfield code="a">W</subfield>
    <subfield code="2">lcmd</subfield>
  </datafield>
  <datafield tag="100" ind1="1" ind2=" ">
    <subfield code="a">Robinson, William E.</subfield>
    <subfield code="q">(William Erigena),</subfield>
    <subfield code="d">1814-1892.</subfield>
  </datafield>
  <datafield tag="245" ind1="0" ind2="0">
    <subfield code="a">William E. Robinson family papers,</subfield>
    <subfield code="f">1841-2009.</subfield>
  </datafield>
  <datafield tag="300" ind1=" " ind2=" ">
    <subfield code="a">100</subfield>
    <subfield code="f">items.</subfield>
  </datafield>
  <datafield tag="300" ind1=" " ind2=" ">
    <subfield code="a">1</subfield>
    <subfield code="f">container plus</subfield>
    <subfield code="a">1</subfield>
    <subfield code="f">oversize.</subfield>
  </datafield>
  <datafield tag="300" ind1=" " ind2=" ">
    <subfield code="a">0.4</subfield>
    <subfield code="f">linear feet.</subfield>
  </datafield>
  <datafield tag="351" ind1=" " ind2=" ">
    <subfield code="a">Arranged alphabetically by name of family member.</subfield>
  </datafield>
  <datafield tag="506" ind1="0" ind2=" ">
    <subfield code="a">Open to research.</subfield>
  </datafield>
  <datafield tag="520" ind1="8" ind2=" ">
    <subfield code="a">Correspondence, speeches, biographical material, certificates, diplomas, photographs, printed matter, and other papers of the Robinson family.  Includes printed speeches of William E. Robinson (1814-1892) as U.S. representative from New York and tickets to the U.S. Senate gallery for the impeachment of Andrew Johnson.  Also includes papers of Robinson's son, William Adams Robinson (1870-1920); grandson, William E. Robinson (1905-1951); and great-grandson, William Adams Robinson (1936-2007).</subfield>
  </datafield>
  <datafield tag="545" ind1="0" ind2=" ">
    <subfield code="a">U.S. representative from New York and journalist.</subfield>
  </datafield>
  <datafield tag="546" ind1=" " ind2=" ">
    <subfield code="a">Collection material in English.</subfield>
  </datafield>
  <datafield tag="600" ind1="3" ind2="0">
    <subfield code="a">Robinson family.</subfield>
  </datafield>
  <datafield tag="651" ind1=" " ind2="0">
    <subfield code="a">United States</subfield>
    <subfield code="x">Politics and government</subfield>
    <subfield code="y">1865-1869.</subfield>
  </datafield>
  <datafield tag="600" ind1="1" ind2="0">
    <subfield code="a">Johnson, Andrew,</subfield>
    <subfield code="d">1808-1875</subfield>
    <subfield code="x">Impeachment.</subfield>
  </datafield>
  <datafield tag="656" ind1=" " ind2="7">
    <subfield code="a">Journalists.</subfield>
    <subfield code="2">itoamc</subfield>
  </datafield>
  <datafield tag="656" ind1=" " ind2="7">
    <subfield code="a">Representatives, U.S. Congress</subfield>
    <subfield code="z">New York (State)</subfield>
    <subfield code="2">itoamc</subfield>
  </datafield>
  <datafield tag="700" ind1="1" ind2=" ">
    <subfield code="a">Robinson, William Adams,</subfield>
    <subfield code="d">1870-1920.</subfield>
    <subfield code="t">William Adams Robinson papers.</subfield>
    <subfield code="f">1877-1920.</subfield>
  </datafield>
  <datafield tag="700" ind1="1" ind2=" ">
    <subfield code="a">Robinson, William Adams,</subfield>
    <subfield code="d">1936-2007.</subfield>
    <subfield code="t">William Adams Robinson papers.</subfield>
    <subfield code="f">1958-2009.</subfield>
  </datafield>
  <datafield tag="700" ind1="1" ind2=" ">
    <subfield code="a">Robinson, William E.</subfield>
    <subfield code="q">(William Erigena),</subfield>
    <subfield code="d">1814-1892.</subfield>
    <subfield code="t">William E. Robinson papers.</subfield>
    <subfield code="f">1841-1886.</subfield>
  </datafield>
  <datafield tag="700" ind1="1" ind2=" ">
    <subfield code="a">Robinson, William E.</subfield>
    <subfield code="q">(William Erigena),</subfield>
    <subfield code="d">1905-1951.</subfield>
    <subfield code="t">William E. Robinson papers.</subfield>
    <subfield code="f">1921-1951.</subfield>
  </datafield>
  <datafield tag="999" ind1=" " ind2=" ">
    <subfield code="c">44809</subfield>
    <subfield code="d">44809</subfield>
  </datafield>
</record>
